LEADER 01208nam a2200253 u 4500 001 000000077811 003 CaOOAMICUS 005 20070226123348.0 008 040303s2001 ne u000 u dut u 020 $a905352679X 035 $a10985950 040 $aPUL$bita 100 1 $aZweekhorst, Paulina Antonia Maria.$0(OLS)http://pul/name/51721 245 10$aCommunicatiemanagers :$beerder Aäron dan His Master's Voice : visie van topmanagers /$c...door Paulina Antonia Maria Zweekhorst. 260 $aAmsterdam :$bUitgwerij Boom,$c2001. 300 $a287 p. ;$c21 cm 500 $a"Proefschrift ter verkrijng de graad van doctor aan de Katholieke Yniversiteit Nijmgen..." 650 4$aComunicazione sociale.$0(OLS)http://pul/subject/16847 850 $aPUL 852 $aPUL$W1$xSL Religione 2$y84$mRH D2 20$j99890$nBK-PRI$b $qStampati altre collocazioni$B99890$CPULBib$Z2$F99890 $HPUL90595 $81 941 1 $a10 996 $6020$a905352679X$9(OLS)http://pul/number/102054 996 $6245$aCommunicatiemanagers :$beerder Aäron dan His Master's Voice : visie van topmanagers$9(OLS)http://pul/title/102023 996 $6260$aAmsterdam :$bUitgwerij Boom$9(OLS)http://pul/publisher/75236 LEADER 01366nam a2200289 a 4500 001 000000142291 003 CaOOAMICUS 005 20150316115709.0 008 150316s2014 it a u000 u ita r 020 $a978-88-492-2924-0 040 $aPUL$bita 082 04$a945.083 100 1 $aFrudà, Luigi Gabriele.$0(OLS)http://pul/name/91563 245 10$aGaribaldi in Sicilia :$bdall'assalto al Ponte dell'Ammiraglio in Palermo all'imbarco per la Calabria dalla rada di Giardini Naxos /$cLuigi Gabriele Frudà. 260 $aRoma :$bGangemi$g2014 300 $a431 p. :$bill. ;$c24 cm 504 $aBibliografia p. 411-415. 600 14$aGaribaldi, Giuseppe,$d1807-1882$xBiografia.$0(OLS)http://pul/subject/24527 651 4$aSicilia$xStoria$y1860.$0(OLS)http://pul/subject/41407 850 $aPUL 852 $aPUL$W1$xSL Cons. Gen., Altre Classi 3$y75$m945. 083 FRULU 1$j164175$qDDC 21$B164310$CPULBib$Z2$F164310 $H125542 $82 941 1 $a9 996 $6020$a978-88-492-2924-0$9(OLS)http://pul/number/157203 996 $6082$a945.083$9(OLS)http://pul/classification/1869 996 $6245$aGaribaldi in Sicilia :$bdall'assalto al Ponte dell'Ammiraglio in Palermo all'imbarco per la Calabria dalla rada di Giardini Naxos$9(OLS)http://pul/title/180106 996 $6260$aRoma :$bGangemi$9(OLS)http://pul/publisher/62108